| 000 -LEADER |
| fixed length control field |
01082nam a22001937a 4500 |
| 005 - DATE AND TIME OF LATEST TRANSACTION |
| control field |
20231019101622.0 |
| 008 - FIXED-LENGTH DATA ELEMENTS--GENERAL INFORMATION |
| fixed length control field |
231019s1987ru xxu||||| |||| 00| 0 rus d |
| 041 ## - LANGUAGE CODE |
| Language code of text/sound track or separate title |
rus |
| 080 ## - UNIVERSAL DECIMAL CLASSIFICATION NUMBER |
| Universal Decimal Classification number |
031(47+57 С-56 |
| 245 ## - TITLE STATEMENT |
| Title |
Советский энциклопедический словарь / |
| Statement of responsibility, etc. |
Гл. ред. А. М. Прохоров, ред. кол.: А. А. Гусев, И. Л. Кнунянц, М. И. Кузнецов и др |
| 250 ## - EDITION STATEMENT |
| Edition statement |
4-е изд. |
| 264 ## - PRODUCTION, PUBLICATION, DISTRIBUTION, MANUFACTURE, AND COPYRIGHT NOTICE |
| Place of production, publication, distribution, manufacture |
Москва : |
| Name of producer, publisher, distributor, manufacturer |
Советская энциклопедия, |
| Date of production, publication, distribution, manufacture, or copyright notice |
1987. |
| 300 ## - PHYSICAL DESCRIPTION |
| Extent |
1599 с., |
| Other physical details |
ил. |
| Dimensions |
29 см. |
| 653 ## - INDEX TERM--UNCONTROLLED |
| keyword |
Советский энциклопедический словарь |
| 653 ## - INDEX TERM--UNCONTROLLED |
| keyword |
справочные издания, энциклопедии СССР, словари, энциклопедические словари |
| 653 ## - INDEX TERM--UNCONTROLLED |
| keyword |
ლექსიკონები, ენციკლოპედიური ლექსიკონები |
| 700 ## - ADDED ENTRY--PERSONAL NAME |
| Personal name |
Прохоров, А. М. |
| Relator term |
მთავარი რედაქტორი და სხვ.. |
| 9 (RLIN) |
20119 |
| 942 ## - ADDED ENTRY ELEMENTS (KOHA) |
| Source of classification or shelving scheme |
|
| Koha item type |
წიგნი |